| 000 | 00451nam a2200157Ia 4500 | ||
|---|---|---|---|
| 008 | 220216s9999 xx 000 0 und d | ||
| 100 | _aSoman T.A. | ||
| 245 | 3 | _aAn alternative method for protection of young rubber plants from sunscorch | |
| 260 |
_bIndian Journal of Natural Rubber Research _c1998 |
||
| 300 | _a101-103 | ||
| 650 | _aBark damage | ||
| 650 | _aSunscorch | ||
| 700 | _aNazeer M.A. | ||
| 700 | _aSaraswathyamma C.K. | ||
| 942 | _cBS | ||
| 999 |
_c51111 _d51111 |
||